000 00934cam a22002414a 4500
999 _c59801
_d59801
001 13830382
005 20230421115357.0
008 050104s2005 nyu b 001 0 eng
020 _a9780465092840 x
041 _aeng
080 _a616.8 Y-15
100 1 _aYalom, Irvin D.,
_917701
245 1 4 _aThe theory and practice of group psychotherapy /
_cIrvin D. Yalom with Molyn Leszcz.
250 _a5th edition
264 _aNew York :
_bBasic Books,
_c2005.
300 _a668 p. ;
_c25 cm.
653 _aფსიქოთერაპია
700 1 _aLeszcz, Molyn,
_d
_eავტორი
_917702
856 4 1 _3Table of contents
_uhttp://www.loc.gov/catdir/toc/ecip055/2005000056.html
856 4 2 _3Contributor biographical information
_uhttp://www.loc.gov/catdir/enhancements/fy0831/2005000056-b.html
856 4 2 _3Publisher description
_uhttp://www.loc.gov/catdir/enhancements/fy0831/2005000056-d.html
942 _2udc
_cBK